000
00274nam a22001217a 4500
008
190223b xxu||||| |||| 00| 0 eng d
041
_a
eng
080
_a
821
100
_a
22
101
_a
GJL
245
_a
Exploring Life through literature
_c
Pooley, R.C
942
_2
udc
_c
BK
999
_c
54167
_d
54167